000 006760000a22002170004500
003 LK-CoMWRAF
005 20231109121254.0
008 230817t1964 ||||| |||| 00| 0 eng d
020 _a0748605142
040 _aLK-CoMWRAF
_dLK-CoMWRAF
_eLK-CoMWRAF
041 _aeng
082 _a340.59
_bCOU
100 _aCoulson, N. J.
245 _aA History of Islamic Law
260 _aEdinburgh:
_bEdinburgh University Press,
_c1964
300 _aviii, 264 p. ; 21 cm.
_bGlossary, Bibliography and Index included.
490 _aIslamic Surveys-2
650 _aISLAMIC LAW-History
856 _uhttps://books-library.net/files/books-library.online-02282153Tv3Z6.pdf
942 _cBK
999 _c3192
_d3192